| 000 | 00000nam##2200000za#4500 |
| 001 | 9.695945 |
| 003 | CaOODSP |
| 005 | 20210624234817 |
| 007 | cr ||||||||||| |
| 008 | 150407|1997||||xxc|||||o f|0| 0 eng|d |
| 040 | |aCaOODSP|beng |
| 043 | |an-cn--- |
| 086 | 1 |aSN3-316/1997E-IN |
| 110 | 1 |aCanada.|bNational Library of Canada. |
| 245 | 14|aThe André Prévost fonds : |h[electronic resource]|bnumerical list / |cby Stéphane Jean. |
| 260 | |aOttawa - Ontario : |bNational Library of Canada |c1997. |
| 300 | |a151p.|breferences, photographs, index |
| 500 | |a"This finding aid is classified as a numerical list because it describes the files in the fonds. The various levels of description thus enable researchers to find information by going from general to the specific."--Introduction. |
| 500 | |aFrench title page included in PDF. The ISBN (0-662-25324-8) for the print edition has been incorrectly copied in this electronic publication. |
| 504 | |aBibliography. |
| 520 | 3 |aThis finding aid is classified as a numerical list because it describes the files in the fonds. The various levels of description thus enable researchers to find information by going from general to the specific.--Introduction |
| 590 | |a12-15-Supp|b2012-04-13 |
| 690 | 07|aMusic|2gcpds |
| 720 | 1 |aJean, Stéphane |
| 775 | 08|tLes fonds André Prévost : |w(CaOODSP)9.640066 |
| 776 | 0#|tThe André Prevost fonds : |w(CaOODSP)9.646431 |
| 856 | 40|ahttp://publications.gc.ca|qPDF|s736 KB|uhttps://publications.gc.ca/collections/Collection/SN3-316-1997E.pdf |